00883nam a2200277Ia 4500001000700000008004100007020001800048035001600066041000800082084001300090100002500103245010700128260003400235300002100269490002800290650002800318650002400346650001500370650001100385650002200396650002400418650002700442650002100469650003900490710007600529039349221003s1996 xx 000 0 spa d a84-7425-452-3 aCENDO_29410 aspa aCD-12821 aCUENCA ALVAREZ, Rosa 0aIntroducción a la prevención de riesgos laborales de origen psicosocial /c[Rosa Cuenca Álvarez] a[Madrid] :bINSHT,cD.L. 1996 a28 p. ;c 21 cm aDocumentos divulgativos aSEGURIDAD EN EL TRABAJO aSALUD EN EL TRABAJO aPREVENCION aRIESGO aPSICOLOGIA SOCIAL aTENSION PSICOLOGICA aCONDICIONES DE TRABAJO aHORAS DE TRABAJO 0aORDENAMIENTO DEL TIEMPO DE TRABAJO aINSTITUTO NACIONAL DE SEGURIDAD E HIGIENE EN EL TRABAJOcEspaña,eed.